000
00308nam a22000977a 4500
005
20250901165546.0
008
210907b |||||||| |||| 00| 0 eng d
050
_a
HM585 .M37 2004
245
_a
Understanding society
_b
A collection of essays
_c
Mashayekhi, Mehrdad
942
_2
lcc
_h
HM585 .M37 2004
999
_c
5852
_d
5852